Week 6 Fantasy Football leaders 2023-2024 - Statistics

General Stats
  • This quiz has been taken 50 times
  • The average score is 13 of 25
Answer Stats
Points Scored Position Answer % Correct
14.5 Wide Receiver Keenan Allen
89%
17.34 Quarterback Patrick Mahomes
86%
18.4 Wide Receiver Amon-Ra St. Brown
76%
31.2 Running back Raheem Mostert
76%
22.3 Wide Receiver Tyreek Hill
76%
17.12 Quarterback Lamar Jackson
73%
19.9 Quarterback Jalen Hurts
70%
22.48 Quarterback Tua Tagovailoa
70%
18.08 Quarterback Justin Herbert
68%
24.88 Quaterback Dak Prescott
65%
22.42 Quarterback Jared Goff
62%
20.8 Wide Receiver Cooper Kupp
51%
20.3 Running back Travis Etienne
49%
14.74 Quarterback Trevor Lawrence
49%
16.32 Quarterback Derek Carr
46%
18.34 Quarterback Sam Howell
46%
14.16 Quarterback CJ Stroud
43%
14.9 Running back Kenneth Walker
43%
21.8 Running back Kyren Williams
43%
17.3 Running back Derrick Henry
41%
15.3 Running back Breece Hall
27%
17.5 Wide Receiver Adam Thielen
16%
15 Running back Chuba Hubbard
14%
16.08 Quarterback Desmond Ridder
14%
16.3 Wide Receiver Rashid Shaheed
5%
No matching quizzes found
Score Distribution
Percent of People with Each Score
Percentile by Number Answered
Your Score History
You have not taken this quiz